Un libro curioso y desconocido (Record no. 59872)

MARC details
000 -LEADER
campo de control de longitud fija 00899nam a2200229 i 4500
001 - NÚMERO DE CONTROL
campo de control 59872
003 - IDENTIFICADOR DE NÚMERO DE CONTROL
campo de control ES-MaACL
005 - FECHA Y HORA DE LA ÚLTIMA TRANSACCIÓN
campo de control 20250902103424.0
007 - CAMPO FIJO DE DESCRIPCIÓN FÍSICA--INFORMACIÓN GENERAL
campo de control de longitud fija t|
008 - DATOS DE LONGITUD FIJA--INFORMACIÓN GENERAL
campo de control de longitud fija 031031s1947 sp ||||1| spa d
100 1# - ENTRADA PRINCIPAL--NOMBRE DE PERSONA
Nombre de persona Escagües de Javierre, Isidoro.
9 (RLIN) 47455
245 13 - MENCIÓN DEL TÍTULO
Título Un libro curioso y desconocido
Resto del título : la "Tachigrafia castellana" de D. Francisco de Paula Martí /
Mención de responsabilidad, etc. por Isidoro Escagües de Javierre.
260 ## - PUBLICACIÓN, DISTRIBUCIÓN, ETC.
Lugar de publicación, distribución, etc. Madrid :
Nombre del editor, distribuidor, etc. Real Sociedad Geográfica,
Fecha de publicación, distribución, etc. 1947 (
Fabricante S. Aguirre)
300 ## - DESCRIPCIÓN FÍSICA
Extensión 9 p. ;
Dimensiones 24 cm.
490 1# - MENCIÓN DE SERIE
Mención de serie Publicaciones de la Real Sociedad Geográfica. Serie B ;
Designación de volumen o secuencia 209
600 17 - PUNTO DE ACCESO ADICIONAL DE MATERIA--NOMBRE DE PERSONA
Nombre de persona Martí, Francisco de Paula,
Fechas asociadas al nombre 1761-1827
Fuente del encabezamiento o término
9 (RLIN) 148058
710 2# - ENTRADA AGREGADA--NOMBRE DE ENTIDAD CORPORATIVA
Nombre de entidad corporativa o nombre de jurisdicción como elemento de entrada Real Sociedad Geográfica
9 (RLIN) 6403
740 02 - ENTRADA AGREGADA--TÍTULO RELACIONADO/ANALÍTICO NO CONTROLADO
Título relacionado o analítico no controlado Tachigrafia castellana.
830 1# - PUNTO DE ACCESO ADICIONAL DE SERIE-TÍTULO UNIFORME
Título uniforme Publicaciones de la Real Sociedad Geográfica. Serie B ;
Designación de volumen o secuencia 209
9 (RLIN) 182685
852 ## - LOCALIZACIÓN
Ubicación ES-MaACL
Número de control de estantería 1768-F-23
Holdings
Estatus retirado Estado de pérdida Estado de daño No para préstamo Colección Biblioteca de origen Biblioteca actual Ubicación en estantería Fecha de adquisición Fuente de adquisición Total de préstamos Signatura topográfica completa Código de barras Visto por última vez Precio de reemplazo Tipo de ítem Koha
        Colección de folletos Biblioteca del Ateneo de Madrid Biblioteca del Ateneo de Madrid Depósito folletos 17/01/2008     1768-F-23 1062793 23/02/2023 23/02/2023 Folleto